000 00345 a2200157 4500
001 192577
020 _a0-521-75245-0
040 _cMagnum
100 _aTroughton, Joanna
240 1 0 _aThe animal wrestlers
_lpor
245 1 0 _aThe animal wrestlers
300 _a23
362 0 _a2004
697 _aLITERATURA INFANTIL INGLESA
942 _cBK
999 _c192577
_d192577